Name a Valid City for Every Continent A-Z - Statistics

General Stats
  • This quiz has been taken 2,374 times
    1,853 since last reset
  • The average score is 65 of 108
Answer Stats
Continent Letter # Cities % Correct
Europe B 9 Barcelona, Belgrade, Berlin...
91%
Africa C 5 Cairo, Cape Town, Casablanca...
91%
Africa A 12 Accra, Addis Ababa, Algeirs...
90%
Europe M 9 Madrid, Milan, Moscow...
87%
Asia B 22 Beirut, Baku, Bangkok...
86%
North America M 12 Mexico City, Miami, Montreal..
86%
Asia D 21 Damman, Dubai, Doha...
85%
Europe P 4 Paris, Porto, Prague...
85%
Europe L 6 Lille, Lisbon, London...
84%
Europe A 3 Amsterdam, Antwerp & Athens
83%
Asia J 17 Jaipur, Jeddah, Jakarta...
81%
Europe S 9 Seville, Sofia, Stockholm...
81%
Asia S 27 Shanghai, Singapore, Salem
81%
Asia T 17 Taipei, Tokyo, Tel Aviv...
81%
Asia A 20 Ankara, Abu Dhabi, Amritsar...
80%
Africa L 6 Lagos, Lomé, Luanda...
80%
Asia M 20 Mosul, Multan, Mumbai...
80%
South America B 8 Bogota, Brasília, Buenos Aires...
79%
Asia H 24 Hanoi, Hefei, Hyderabad...
79%
Asia K 23 Kabul, Kuala Lumpur, Kuwait City...
79%
North America D 3 Dallas, Denver & Detroit
78%
North America S 16 San Diego, San Francisco, Seattle...
78%
North America C 10 Chicago, Cincinnati, Cleveland...
77%
Africa D 4 Dakar, Douala, Durban...
77%
Africa K 9 Kampala, Kano, Khartoum...
76%
North America P 7 Panama City, Philadelphia, Phoenix...
76%
Oceania A 2 Adelaide & Auckland
75%
Africa N 4 N'Djamena, Nairobi, Niamey...
75%
Oceania S 1 Sydney
75%
Europe R 3 Rome Rostov-on-Don & Rotterdam
74%
Europe H 3 Hamburg, Hanover & Helsinki
73%
Oceania M 1 Melbourne
73%
North America N 2 Nashville & New York
73%
North America A 3 Aguascalientes Atlanta & Austin
72%
North America L 4 Las Vegas, Los Angeles, Louisville...
72%
South America S 6 Salvador, São Luís, Sao Paulo...
72%
Europe V 4 Valencia, Vienna, Volgograd...
72%
Europe C 2 Cologne & Copenhagen
71%
Africa J 2 Johannesburg & Jos
71%
Africa M 8 Maputo, Mogadishu, Mombasa...
71%
Oceania P 1 Perth
71%
Oceania B 1 Brisbane
70%
Europe N 6 Naples, Newcastle, Nuremberg...
70%
Europe O 2 Odessa & Oslo
70%
Africa B 8 Bamako, Bangui, Banjul...
69%
North America H 4 Hartford, Havana, Houston...
69%
South America L 2 La Paz & Lima
69%
North America T 7 Tampa, Tegucigalpa, Toronto...
69%
South America C 8 Cali, Campinas, Caracas...
68%
Asia G 12 Gaza, Guangzhou, Gujranwala...
68%
North America B 2 Boston & Buffalo
67%
South America R 3 Recife, Rio de Janeiro & Rosario
67%
Europe W 1 Warsaw
67%
Asia X 9 Xi'an, Xiamen, Xining...
66%
North America O 3 Oklahoma City, Orlando & Ottawa
65%
Asia C 20 Colombo, Chengdu, Chennai...
64%
Asia I 4 Indore, Isfahan, Izmir...
64%
Asia U 3 Ulaanbaatar, Ulsan & Urumqi
64%
South America M 7 Manaus, Maracaibo, Montevideo..
63%
South America Q 1 Quito
63%
North America W 1 Washington, D.C.
63%
Europe K 4 Katowice, Kharkiv, Kiev...
62%
Asia L 14 Lahore, Lucknow, Luzhou...
61%
Africa T 4 Tangier, Tripoli, Tunis...
61%
Europe D 3 Dnipro, Donetsk & Dublin
60%
Asia W 7 Wenzhou, Wuhan, Wuhu...
60%
Europe F 1 Frankfurt
59%
North America E 2 Edmonton & El Paso
58%
Africa F 2 Fes & Freetown
58%
Asia P 10 Phnom Penh, Pyongyang, Pune...
58%
Asia O 3 Omsk, Osaka & Okayama
57%
Asia R 5 Rajkot, Rawalpindi, Riyadh...
56%
Asia Y 14 Yangon, Yangzhou, Yerevan...
56%
North America V 2 Vancouver & Virginia Beach
55%
North America G 3 Greensboro, Guadalajara & Guatemala City
54%
Africa O 3 Onitsha, Oran & Ouagadougou
54%
Europe Z 1 Zurich
54%
Asia N 12 Nagoya, Nanjing, Nur-Sultan...
51%
South America A 2 Arequipa & Asunción
50%
Africa H 1 Harare
49%
Europe I 1 Istanbul
49%
Europe T 2 Toulouse & Turin
49%
North America J 2 Jacksonville & Juarez
47%
Africa Y 1 Yaoundé
47%
Africa R 1 Rabat
43%
Asia F 4 Faisalabad, Fukuoka, Fuzhou...
42%
Asia Q 7 Qingdao, Qom, Quetta...
42%
North America I 1 Indianapolis
41%
South America F 2 Florianópolis & Fortaleza
39%
Europe G 1 Glasgow
38%
North America K 1 Kansas City
37%
North America R 2 Raleigh & Richmond
36%
Asia Z 10 Zhengzhou, Zhenjiang, Zhuhai...
36%
South America G 2 Goiânia & Guayaquil
35%
South America V 3 Valencia, Valparaíso & Vitória
35%
Africa I 2 Ibadan & Ilorin
33%
Africa P 3 Pointe-Noire, Port Elizabeth & Port Harcourt
27%
South America P 1 Porto Alegre
27%
Europe U 1 Ufa
24%
Asia E 2 Erbil & Ezhou
23%
Asia V 4 Vadodara, Varanasi, Vijayawada...
21%
North America F 1 Fresno
19%
South America N 1 Natal
17%
North America Q 1 Querétaro
14%
South America J 1 João Pessoa
7%
Africa S 2 Sokoto & Sousse
7%
South America T 1 Teresina
6%
Africa Z 1 Zaria
6%
No matching quizzes found
Score Distribution
Percent of People with Each Score
Percentile by Number Answered
Your Score History
You have not taken this quiz since the last reset